| 000 | 00486nam a22001937a 4500 | ||
|---|---|---|---|
| 003 | MPLRDC | ||
| 005 | 20220104150303.0 | ||
| 008 | 210129b ||||| |||| 00| 0 eng d | ||
| 020 | _a957-733-790-2 | ||
| 082 | _a177.3 HYM | ||
| 100 | _a胡岳岷、刘万革著 | ||
| 245 |
_a受欢迎的人际高手 _c |
||
| 250 | _a初版 | ||
| 260 |
_a _b新雨出版社 _c2003 |
||
| 300 | _b平 | ||
| 490 | _a智典系. 7 | ||
| 650 | _a应用心理学--人际关系 | ||
| 942 |
_cBK _o177.3 HYM |
||
| 999 |
_c51792 _d51782 |
||